Easy writer: a pocket guide (Record no. 4825)

000 -LEADER
fixed length control field 00588 a2200169 4500
020 ## - INTERNATIONAL STANDARD BOOK NUMBER
International Standard Book Number 0-312-24348-0
040 ## - CATALOGING SOURCE
Original cataloging agency DLC
Language of cataloging DLC
100 1# - MAIN ENTRY--PERSONAL NAME
Personal name Lunsford, Andrea A.,
245 10 - TITLE STATEMENT
Title Easy writer: a pocket guide
Remainder of title a pocket guide
Statement of responsibility, etc. Andrea A. Lunsford with a section for multilingual writers by Franklin E. Horowitz.
250 ## - EDITION STATEMENT
Edition statement 2nd ed.
260 ## - PUBLICATION, DISTRIBUTION, ETC.
Place of publication, distribution, etc. Boston :
Name of publisher, distributor, etc. Bedford/St. Martin's,
Date of publication, distribution, etc. cop. 2002.
300 ## - PHYSICAL DESCRIPTION
Extent vii, 310 s. ;
Dimensions 22 cm.
500 ## - GENERAL NOTE
General note Includes index.
650 #0 - SUBJECT ADDED ENTRY--TOPICAL TERM
Topical term or geographic name entry element English language
General subdivision Rhetoric
-- Handbooks, manuals, etc.
700 1# - ADDED ENTRY--PERSONAL NAME
Personal name Horowitz, Franklin E.
942 ## - ADDED ENTRY ELEMENTS (KOHA)
Koha item type Book
Call number prefix 808.042 LUN
Source of classification or shelving scheme
Holdings
Withdrawn status Lost status Damaged status Not for loan Collection code Permanent Location Current Location Shelving location Date acquired Source of acquisition Cost, normal purchase price Total Checkouts Total Renewals Full call number Barcode Date last seen Date last checked out Price effective from Koha item type
          Central Library (CL) Central Library (CL) General Stacks 08/22/2005 Progressive International Agencies 1276.78 2 1 808.042 LUN SEECS006349 06/08/2014 03/11/2014 01/05/2017 Book
          Central Library (CL) Central Library (CL) General Stacks 08/22/2005 Progressive International Agencies 3071.95 3 3 808.042 LUN SEECS006350 08/19/2025 04/28/2025 01/05/2017 Book
© 2023 Central Library, National University of Sciences and Technology. All Rights Reserved.